000 nam a22 a 4500
999 _c4667
_d4667
003 AKMAL
005 20170727151650.0
008 17 s2017 my | e l 000 0 may d
020 _cRM 42.00
040 _aAKMAL
082 0 4 _a345.5950268 MAL
_223
090 0 0 _a345.5950268
_bMAL
110 1 _aMalaysia
_9400
245 1 0 _aAkta Pencegahan Pengubahan Wang Haram, Pencegahan Pembiayaan Keganasan Dan Hasil Daripada Aktiviti Haram 2001 (AKTA 613)
_bPindaan sehingga Oktober 2016
_cdisusun oleh: Lembaga Penyelidikan Undang-Undang
260 _aPudu, Kuala Lumpur :
_bMDC Publishers Sdn. Bhd,
_c2017
300 _a151ms. ;
_c25cm.
490 1 _aUndang-undang Malaysia
650 1 0 _aMoney laundering
_xLaw and legislation
_zMalaysia
_98485
650 2 0 _aMoney
_xLaw and legislation
_zMalaysia
_98486
710 2 _aLembaga Penyelidikan Undang-Undang
_98985
830 0 _aUNDANG-UNDANG MALAYSIA
_98986
942 _2ddc
_cBOOK